[Event "FRA-chT Top 12"]
[Site "Brest"]
[Date "2019.05.21"]
[Round "4.3"]
[White "Sulava, Nenad"]
[Black "Santos Ruiz, Miguel"]
[Result "1/2-1/2"]
[WhiteElo "2422"]
[BlackElo "2549"]
[PlyCount "33"]
[EventDate "2019.05.18"]
[EventType "team-tourn"]
[EventRounds "11"]
[EventCountry "FRA"]
[SourceTitle "CBM 190 Extra"]
[Source "ChessBase"]
[SourceDate "2019.07.15"]
[SourceVersion "1"]
[SourceVersionDate "2019.07.15"]
[SourceQuality "1"]
[WhiteTeam "Monaco"]
[BlackTeam "Grasse Echecs"]
[WhiteTeamCountry "FRA"]
[BlackTeamCountry "FRA"]

1. Nf3 d5 2. e3 Nf6 3. c4 e6 4. b3 b6 5. Bb2 Bb7 6. Nc3 Nbd7 7. Qc2 a6 8. cxd5 exd5 9. d4 Bd6 10. g3 0-0 11. Bg2 Re8 12. 0-0 Qe7 13. Rac1 Ne4 14. Nxe4 dxe4 15. Ne5 Nf6 16. Nc4 Nd5 17. Nxd6 1/2-1/2

[Event "Zagreb Hulak Memorial op 3rd"]
[Site "Zagreb"]
[Date "2018.12.06"]
[Round "7"]
[White "Sulava, Nenad"]
[Black "Ostovic, Matija"]
[Result "1-0"]
[WhiteElo "2425"]
[BlackElo "2377"]
[PlyCount "111"]
[EventDate "2018.12.01"]
[EventType "swiss"]
[EventRounds "9"]
[EventCountry "CRO"]
[SourceTitle "CBM 187 Extra"]
[Source "ChessBase"]
[SourceDate "2018.11.04"]
[SourceVersion "1"]
[SourceVersionDate "2018.11.04"]
[SourceQuality "1"]

1. d4 Nf6 2. Nf3 g6 3. Nc3 d5 4. Bf4 Bg7 5. Nb5 Na6 6. e3 0-0 7. h3 Ne4 8. Nd2 c5 9. c3 Qb6 10. Nxe4 dxe4 11. Be2 Bd7 12. Qb3 cxd4 13. exd4 e5 14. Be3 exd4 15. Nxd4 Qc7 16. 0-0 Nc5 17. Qc4 Rac8 18. Nb5 Bxb5 19. Qxb5 a6 20. Qb4 Nd3 21. Bxd3 exd3 22. Rad1 Qd7 23. Rd2 Qd5 24. Rfd1 b5 25. Qb3 Rc4 26. Rxd3 Qe4 27. a3 h5 28. Rd6 Qa8 29. R1d5 Re8 30. Qd1 Rce4 31. Rd7 Qc6 32. Qf3 Qf6 33. Ra7 Qxf3 34. gxf3 R4e6 35. Rdd7 Rf6 36. Kg2 Ree6 37. Ra8+ Kh7 38. Rda7 g5 39. Bd4 Rf5 40. Be3 Rff6 41. Bxg5 Rf5 42. Be3 Rff6 43. f4 Rc6 44. Rd8 Bh6 45. Rdd7 Kg6 46. Kf3 Bf8 47. Rd5 Bh6 48. Ra8 Rcd6 49. Rc5 h4 50. Rg8+ Kh7 51. Rg4 Rd1 52. Bd4 Re6 53. Rc8 Rd3+ 54. Kg2 f6 55. Rc7+ Kh8 56. Rxh4 1-0

[Event "Zagreb Hulak Memorial op 3rd"]
[Site "Zagreb"]
[Date "2018.12.04"]
[Round "5"]
[White "Sulava, Nenad"]
[Black "Cvitan, Ognjen"]
[Result "1/2-1/2"]
[WhiteElo "2425"]
[BlackElo "2503"]
[PlyCount "23"]
[EventDate "2018.12.01"]
[EventType "swiss"]
[EventRounds "9"]
[EventCountry "CRO"]
[SourceTitle "CBM 187 Extra"]
[Source "ChessBase"]
[SourceDate "2018.11.04"]
[SourceVersion "1"]
[SourceVersionDate "2018.11.04"]
[SourceQuality "1"]

1. e4 c5 2. Nf3 d6 3. c3 Nf6 4. d3 Nc6 5. Nbd2 e5 6. g3 g6 7. Bg2 Bg7 8. 0-0 0-0 9. a3 h6 10. b4 Be6 11. Bb2 b5 12. Re1 1/2-1/2

[Event "Olympiad-43"]
[Site "Batumi"]
[Date "2018.10.03"]
[Round "9.2"]
[White "Roselli Mailhe, Bernardo"]
[Black "Sulava, Nenad"]
[Result "1-0"]
[WhiteElo "2439"]
[BlackElo "2437"]
[PlyCount "49"]
[EventDate "2018.09.24"]
[EventType "team-swiss"]
[EventRounds "11"]
[EventCountry "GEO"]
[SourceTitle "CBM 187"]
[Source "ChessBase"]
[SourceDate "2018.12.11"]
[SourceVersion "1"]
[SourceVersionDate "2018.12.11"]
[SourceQuality "1"]
[WhiteTeam "Uruguay"]
[BlackTeam "Monaco"]
[WhiteTeamCountry "URU"]
[BlackTeamCountry "MNC"]

1. d4 d5 2. c4 dxc4 3. Nf3 Nf6 4. e3 e6 5. Bxc4 a6 6. 0-0 Nbd7 7. Qe2 c5 8. Bd3 Be7 9. Nbd2 cxd4 10. exd4 b6 11. Nc4 0-0 12. Bg5 Bb7 13. Rad1 Re8 14. Rfe1 h6 15. Bd2 Bf8 16. Bb1 Rc8 17. b3 b5 18. Nce5 g6 19. Nxf7 Bxf3 20. Qd3 Kxf7 21. Qxg6+ Ke7 22. Bb4+ Nc5 23. gxf3 a5 24. Bxc5+ Kd7 25. Qf7+ 1-0

[Event "Olympiad-43"]
[Site "Batumi"]
[Date "2018.09.30"]
[Round "6.49"]
[White "Fadii, T Miqdad"]
[Black "Sulava, Nenad"]
[Result "0-1"]
[WhiteElo "1964"]
[BlackElo "2437"]
[PlyCount "126"]
[EventDate "2018.09.24"]
[EventType "team-swiss"]
[EventRounds "11"]
[EventCountry "GEO"]
[SourceTitle "CBM 187"]
[Source "ChessBase"]
[SourceDate "2018.12.11"]
[SourceVersion "1"]
[SourceVersionDate "2018.12.11"]
[SourceQuality "1"]
[WhiteTeam "Palestine"]
[BlackTeam "Monaco"]
[WhiteTeamCountry "PLE"]
[BlackTeamCountry "MNC"]

1. d4 e6 2. Bf4 Nf6 3. e3 b6 4. Nf3 Bb7 5. Bd3 d6 6. Nbd2 Nbd7 7. Qe2 a6 8. 0-0 h6 9. h3 g6 10. e4 Bg7 11. e5 Nd5 12. Bg3 dxe5 13. Nxe5 Nxe5 14. Bxe5 Bxe5 15. Qxe5 Qf6 16. f4 Rd8 17. Be4 Ba8 18. Rf3 Ke7 19. c4 Qxe5 20. fxe5 Nb4 21. Bxa8 Rxa8 22. Raf1 Rhf8 23. a3 Nc6 24. Nb3 Rad8 25. Rf4 a5 26. a4 Rd7 27. Kf2 g5 28. Re4 Rfd8 29. Ke3 Nb4 30. Kd2 c5 31. Kc3 h5 32. Rf3 h4 33. Rg4 cxd4+ 34. Nxd4 Rc7 35. Rxg5 Na2+ 36. Kd3 Nc1+ 37. Ke3 Rxc4 38. Rf4 Rc5 39. Rxh4 Na2 40. Rf4 Nb4 41. Rf2 Rcd5 42. Nb5 Rd3+ 43. Ke4 Rc8 44. Rxf7+ Kxf7 45. Nd6+ Rxd6 46. exd6 Rd8 47. h4 Rxd6 48. h5 Rd1 49. h6 Rh1 50. Rg7+ Kf6 51. Rb7 Nd5 52. h7 Rh4+ 53. Kf3 Kg6 54. g3 Rxh7 55. Rxh7 Kxh7 56. Ke4 Kg6 57. Ke5 Kf7 58. g4 Nb4 59. Kd6 Nd3 60. b3 Nc5 61. g5 Nxb3 62. Kc6 Kg6 63. Kd6 Nc5 0-1

[Event "Olympiad-43"]
[Site "Batumi"]
[Date "2018.09.28"]
[Round "5.60"]
[White "Ble, Kouko Hubert"]
[Black "Sulava, Nenad"]
[Result "1/2-1/2"]
[WhiteElo "1829"]
[BlackElo "2437"]
[PlyCount "94"]
[EventDate "2018.09.24"]
[EventType "team-swiss"]
[EventRounds "11"]
[EventCountry "GEO"]
[SourceTitle "CBM 187"]
[Source "ChessBase"]
[SourceDate "2018.12.11"]
[SourceVersion "1"]
[SourceVersionDate "2018.12.11"]
[SourceQuality "1"]
[WhiteTeam "Ivory Coast"]
[BlackTeam "Monaco"]
[WhiteTeamCountry "IVO"]
[BlackTeamCountry "MNC"]

1. Nf3 Nf6 2. c4 e6 3. b3 d5 4. Bb2 a5 5. e3 Nbd7 6. Be2 a4 7. 0-0 Bd6 8. d4 a3 9. Bc3 b6 10. Nbd2 0-0 11. Rc1 Bb7 12. Ne5 Qe7 13. f4 c5 14. Qe1 cxd4 15. exd4 dxc4 16. bxc4 Rfd8 17. Qg3 Bb4 18. Bf3 Bxc3 19. Rxc3 Nf8 20. Bxb7 Qxb7 21. Qf3 Qc7 22. Rb1 Rac8 23. Rd3 Ne8 24. Qf2 Ra8 25. g3 Nd6 26. c5 bxc5 27. dxc5 Nf5 28. Rbb3 f6 29. Nec4 Nd7 30. Ne4 Qc6 31. Ncd2 Rdc8 32. Rbc3 Ra4 33. Qg2 Nd4 34. Qf2 Nb5 35. Rb3 Rc7 36. Qe3 Nxc5 37. Nxc5 Qxc5 38. Rxb5 Qxe3+ 39. Rxe3 Rc2 40. Rd3 Rxa2 41. Rb7 h5 42. Rdd7 Rxd2 43. Rxg7+ Kh8 44. Rh7+ Kg8 45. Rhg7+ Kh8 46. Rh7+ Kg8 47. Rhg7+ Kh8 1/2-1/2

[Event "Francophone-ch blitz 5th"]
[Site "Cannes"]
[Date "2018.07.13"]
[Round "5"]
[White "Bauer, Christian"]
[Black "Sulava, Nenad"]
[Result "1-0"]
[WhiteElo "2644"]
[BlackElo "2447"]
[PlyCount "65"]
[EventDate "2018.07.13"]
[EventType "swiss (blitz)"]
[EventRounds "11"]
[EventCountry "FRA"]
[SourceTitle "CBM 185 Extra"]
[Source "ChessBase"]
[SourceDate "2018.07.29"]
[SourceVersion "1"]
[SourceVersionDate "2018.07.29"]
[SourceQuality "1"]

1. e4 c5 2. Na3 g6 3. c3 Bg7 4. f4 Nf6 5. d3 Nc6 6. Nf3 0-0 7. Be2 d6 8. 0-0 Rb8 9. Qe1 Bg4 10. Qh4 Bxf3 11. Rxf3 e6 12. Rh3 h5 13. f5 Ng4 14. Bg5 Bf6 15. Bxf6 Nxf6 16. fxg6 fxg6 17. Qg5 Kg7 18. Nc4 Nh7 19. Qg3 Ng5 20. Rh4 e5 21. Ne3 Nh7 22. Rxh5 Rf6 23. Nf5+ Kh8 24. Rxh7+ Kxh7 25. Qh3+ Kg8 26. Nh6+ Kg7 27. Ng4 Rf8 28. Qh6+ Kf7 29. Rf1+ Ke6 30. Qxg6+ Kd7 31. Nf6+ Kc7 32. Nd5+ Kd7 33. Bg4+ 1-0

[Event "Zagreb Hulak Memorial op 2nd"]
[Site "Zagreb"]
[Date "2017.12.07"]
[Round "9"]
[White "Cvitan, Ognjen"]
[Black "Sulava, Nenad"]
[Result "1/2-1/2"]
[WhiteElo "2481"]
[BlackElo "2453"]
[PlyCount "20"]
[EventDate "2017.11.30"]
[EventType "swiss"]
[EventRounds "9"]
[EventCountry "CRO"]
[SourceTitle "EXT 2019"]
[Source "ChessBase"]
[SourceDate "2018.10.10"]
[SourceVersion "1"]
[SourceVersionDate "2018.10.10"]
[SourceQuality "1"]

1. c4 c5 2. Nf3 Nf6 3. Nc3 Nc6 4. g3 g6 5. Bg2 Bg7 6. 0-0 0-0 7. d4 cxd4 8. Nxd4 Nxd4 9. Qxd4 d6 10. Qd3 a6 1/2-1/2

[Event "Zagreb Hulak Memorial op 2nd"]
[Site "Zagreb"]
[Date "2017.12.04"]
[Round "6"]
[White "Sulava, Nenad"]
[Black "Saric, Ante"]
[Result "1/2-1/2"]
[WhiteElo "2453"]
[BlackElo "2540"]
[PlyCount "35"]
[EventDate "2017.11.30"]
[EventType "swiss"]
[EventRounds "9"]
[EventCountry "CRO"]
[SourceTitle "EXT 2019"]
[Source "ChessBase"]
[SourceDate "2018.10.10"]
[SourceVersion "1"]
[SourceVersionDate "2018.10.10"]
[SourceQuality "1"]

1. Nf3 Nf6 2. c4 e6 3. b3 d5 4. Bb2 Be7 5. g3 0-0 6. Bg2 b6 7. 0-0 Bb7 8. Ne5 c5 9. Nc3 Nc6 10. Nxc6 Bxc6 11. d4 Rc8 12. cxd5 exd5 13. Rc1 Re8 14. e3 cxd4 15. Qxd4 Bc5 16. Qd3 d4 17. exd4 Qxd4 18. Qxd4 1/2-1/2

[Event "Zagreb Hulak Memorial op 2nd"]
[Site "Zagreb"]
[Date "2017.12.02"]
[Round "4"]
[White "Sulava, Nenad"]
[Black "Jovanovic, Zoran"]
[Result "1/2-1/2"]
[WhiteElo "2453"]
[BlackElo "2540"]
[PlyCount "21"]
[EventDate "2017.11.30"]
[EventType "swiss"]
[EventRounds "9"]
[EventCountry "CRO"]
[SourceTitle "EXT 2019"]
[Source "ChessBase"]
[SourceDate "2018.10.10"]
[SourceVersion "1"]
[SourceVersionDate "2018.10.10"]
[SourceQuality "1"]

1. d4 Nf6 2. Nf3 g6 3. Bg5 Bg7 4. Nbd2 d6 5. e3 0-0 6. c3 c5 7. Be2 Nbd7 8. 0-0 b6 9. h3 Bb7 10. Re1 Qc7 11. a4 1/2-1/2

[Event "EU-Cup 33rd"]
[Site "Antalya"]
[Date "2017.10.13"]
[Round "6.6"]
[White "Mogranzini, Roberto"]
[Black "Sulava, Nenad"]
[Result "0-1"]
[WhiteElo "2501"]
[BlackElo "2442"]
[PlyCount "82"]
[EventDate "2017.10.08"]
[EventType "team-swiss"]
[EventRounds "7"]
[EventCountry "TUR"]
[SourceTitle "CBM 181"]
[Source "ChessBase"]
[SourceDate "2017.11.10"]
[SourceVersion "1"]
[SourceVersionDate "2017.11.10"]
[SourceQuality "1"]
[WhiteTeam "Padova Obiettivo"]
[BlackTeam "Nice Alekhine"]
[WhiteTeamCountry "ITA"]
[BlackTeamCountry "FRA"]

1. c4 Nf6 2. g3 c6 3. Nf3 d5 4. Bg2 dxc4 5. 0-0 Nbd7 6. Qc2 Nb6 7. b3 cxb3 8. axb3 g6 9. Bb2 Bg7 10. Na3 0-0 11. Nc4 Be6 12. Na5 Qc8 13. e4 Ne8 14. Bxg7 Nxg7 15. Qc5 Re8 16. Rfc1 Bg4 17. d4 Bxf3 18. Bxf3 e5 19. d5 cxd5 20. Qb4 Qd7 21. exd5 Nf5 22. Bg4 Qd6 23. Qe1 Nd4 24. Nxb7 Qxd5 25. Nc5 Kg7 26. Ra5 h5 27. Bd1 Rac8 28. b4 h4 29. Rxa7 hxg3 30. fxg3 e4 31. Qe3 Nc4 32. Qc3 Ne5 33. Qe3 Nef3+ 34. Kf2 Nf5 35. Qc3+ N3d4 36. Kg1 e3 37. Bg4 Kg8 38. Re1 e2 39. Bxf5 Nf3+ 40. Kf2 Nxe1 41. Bxc8 Qg2+ 0-1

[Event "EU-Cup 33rd"]
[Site "Antalya"]
[Date "2017.10.11"]
[Round "4.6"]
[White "Sulava, Nenad"]
[Black "Kryvoruchko, Yuriy"]
[Result "0-1"]
[WhiteElo "2442"]
[BlackElo "2692"]
[PlyCount "53"]
[EventDate "2017.10.08"]
[EventType "team-swiss"]
[EventRounds "7"]
[EventCountry "TUR"]
[SourceTitle "CBM 181"]
[Source "ChessBase"]
[SourceDate "2017.11.10"]
[SourceVersion "1"]
[SourceVersionDate "2017.11.10"]
[SourceQuality "1"]
[WhiteTeam "Nice Alekhine"]
[BlackTeam "Alkaloid"]
[WhiteTeamCountry "FRA"]
[BlackTeamCountry "MKD"]

1. d4 Nf6 2. Nf3 e6 3. g3 d5 4. Bg2 b5 5. 0-0 Be7 6. Ne5 0-0 7. Nd2 c5 8. dxc5 Bxc5 9. e4 Bb7 10. Nd3 Be7 11. e5 Nfd7 12. Qg4 Nc6 13. Nf3 Re8 14. Re1 Rc8 15. Bh6 Bf8 16. Re2 f5 17. Qg5 Qc7 18. g4 Kh8 19. Bxg7+ Bxg7 20. gxf5 exf5 21. Rae1 Rg8 22. Qh5 Ndxe5 23. Ndxe5 Nxe5 24. Nxe5 Bxe5 25. Rxe5 Qg7 26. Qh3 d4 27. Qg3 0-1

[Event "EU-Cup 33rd"]
[Site "Antalya"]
[Date "2017.10.09"]
[Round "2.6"]
[White "Sulava, Nenad"]
[Black "Goganov, Aleksey"]
[Result "1/2-1/2"]
[WhiteElo "2442"]
[BlackElo "2571"]
[PlyCount "98"]
[EventDate "2017.10.08"]
[EventType "team-swiss"]
[EventRounds "7"]
[EventCountry "TUR"]
[SourceTitle "CBM 181"]
[Source "ChessBase"]
[SourceDate "2017.11.10"]
[SourceVersion "1"]
[SourceVersionDate "2017.11.10"]
[SourceQuality "1"]
[WhiteTeam "Nice Alekhine"]
[BlackTeam "Mednyi Vsadnik"]
[WhiteTeamCountry "FRA"]
[BlackTeamCountry "RUS"]

1. d4 d5 2. c4 c6 3. Nf3 Nf6 4. Nc3 e6 5. Bg5 h6 6. Bh4 dxc4 7. e4 g5 8. Bg3 b5 9. e5 Nd5 10. Nd2 Qa5 11. Be2 Bb4 12. Rc1 Nxc3 13. bxc3 Bxc3 14. Rxc3 Qxc3 15. 0-0 Qxd4 16. Qc1 Na6 17. Rd1 Kf8 18. Nxc4 Qc5 19. Qd2 Qe7 20. Nd6 Nc7 21. Bh5 Nd5 22. Bxf7 Rh7 23. Bg6 Rg7 24. Bc2 Bd7 25. Re1 Kg8 26. Qd4 Rf8 27. Qxa7 h5 28. h3 h4 29. Bh2 g4 30. hxg4 Rxg4 31. Kh1 Rg7 32. Ne4 Qb4 33. Rg1 Be8 34. Qa6 Qd4 35. Qa3 Bg6 36. f3 b4 37. Qc1 Bxe4 38. Bxe4 Nc3 39. Bc2 h3 40. Qh6 Qd7 41. Qxh3 Nd5 42. Rd1 Qe7 43. Rd4 Qc5 44. Qxe6+ Rff7 45. Qe8+ Rf8 46. Qe6+ Rff7 47. Qe8+ Rf8 48. Qe6+ Rff7 49. Qe8+ Rf8 1/2-1/2

[Event "CRO-chT1A 26th"]
[Site "Mali Losinj"]
[Date "2017.10.03"]
[Round "6.14"]
[White "Sulava, Nenad"]
[Black "Jovanic, Ognjen"]
[Result "1-0"]
[WhiteElo "2452"]
[BlackElo "2490"]
[PlyCount "223"]
[EventDate "2017.09.28"]
[EventType "team-tourn"]
[EventRounds "9"]
[EventCountry "CRO"]
[SourceTitle "EXT 2018"]
[Source "ChessBase"]
[SourceDate "2017.10.13"]
[SourceVersion "1"]
[SourceVersionDate "2017.10.13"]
[SourceQuality "1"]
[WhiteTeam "Kastel Novi Sedlar"]
[BlackTeam "Rijeka Liburnija"]
[WhiteTeamCountry "CRO"]
[BlackTeamCountry "CRO"]

1. d4 d5 2. Bf4 Nf6 3. e3 c5 4. Nc3 cxd4 5. exd4 a6 6. Bd3 Nc6 7. Nce2 Bg4 8. c3 e6 9. Qb3 Qd7 10. Ng3 Nh5 11. Be3 Ne7 12. N1e2 Nxg3 13. Nxg3 g6 14. h3 Bf5 15. Nxf5 Nxf5 16. Bxf5 exf5 17. Bf4 Bg7 18. Qa3 Qe7+ 19. Qxe7+ Kxe7 20. Kd2 Kd7 21. Rhe1 Rhe8 22. f3 Re6 23. Rxe6 fxe6 24. a4 b6 25. Kd3 Re8 26. Re1 Kc6 27. b3 Bf6 28. c4 Re7 29. Be5 Bxe5 30. Rxe5 Kd6 31. Kc3 Rc7 32. Kb4 Rc8 33. f4 Rb8 34. Re3 Rb7 35. h4 Rb8 36. Rg3 Kc6 37. h5 a5+ 38. Kc3 gxh5 39. Rg7 Rf8 40. Kd3 Rf6 41. Ke3 h4 42. Kf2 Rh6 43. Re7 Rg6 44. Re8 Kd7 45. Rb8 Kc7 46. Re8 h6 47. cxd5 exd5 48. Re5 Rg3 49. Rxf5 Rxb3 50. Rxd5 h3 51. gxh3 Rxh3 52. f5 Kc6 53. f6 Kxd5 54. f7 Rb3 55. f8Q Kxd4 56. Qxh6 Kc3 57. Qf6+ Kc2 58. Ke2 Rb4 59. Qc6+ Kb3 60. Kd3 Ka3 61. Kc2 Rb2+ 62. Kc1 Rb3 63. Qe8 Rb4 64. Kc2 Rb2+ 65. Kc3 Rb3+ 66. Kc4 Rb4+ 67. Kd5 Kb3 68. Qc6 Kb2 69. Qe8 Kb3 70. Kd6 Ka3 71. Kc7 Rb3 72. Qc6 Rb4 73. Kb7 Rb3 74. Ka6 Rb4 75. Qc2 Rb3 76. Qc1+ Ka2 77. Qg1 Rb4 78. Qxb6 Rxa4 79. Qf2+ Kb3 80. Kb5 Ra3 81. Qd2 Ra2 82. Qc1 a4 83. Qc4+ Kb2 84. Kb4 Kb1 85. Qf1+ Kc2 86. Qe2+ Kb1 87. Qd1+ Kb2 88. Qh1 Kc2 89. Qg2+ Kb1 90. Qg1+ Kc2 91. Qd4 Kc1 92. Qd3 Kb2 93. Qd1 Ra1 94. Qe2+ Kb1 95. Qd2 Ra2 96. Qe1+ Kc2 97. Kc4 Ra3 98. Qb4 Ra2 99. Kd4 Kc1 100. Kd3 Rg2 101. Qxa4 Rg3+ 102. Ke2 Rg2+ 103. Kf1 Rc2 104. Ke1 Rc3 105. Ke2 Kb2 106. Kd2 Rb3 107. Qc4 Rg3 108. Qd4+ Kb1 109. Qe4+ Ka2 110. Kc2 Ka3 111. Qa8+ Kb4 112. Qb8+ 1-0

[Event "Bratto op 37th"]
[Site "Bratto"]
[Date "2017.08.21"]
[Round "3"]
[White "Sulava, Nenad"]
[Black "Bifulco, Michel"]
[Result "1/2-1/2"]
[WhiteElo "2452"]
[BlackElo "2252"]
[PlyCount "20"]
[EventDate "2017.08.19"]
[EventType "swiss"]
[EventRounds "9"]
[EventCountry "ITA"]
[SourceTitle "CBM 180 Extra"]
[Source "ChessBase"]
[SourceDate "2017.10.06"]
[SourceVersion "1"]
[SourceVersionDate "2017.10.06"]
[SourceQuality "1"]

1. Nf3 d5 2. e3 Nf6 3. c4 e6 4. d4 c6 5. b3 Nbd7 6. Bb2 Bd6 7. Bd3 0-0 8. 0-0 Ne4 9. Qc2 f5 10. Nc3 Rf6 1/2-1/2

[Event "Espalion op 2nd"]
[Site "Espalion"]
[Date "2017.07.21"]
[Round "8"]
[White "Cornette, Matthieu"]
[Black "Sulava, Nenad"]
[Result "1-0"]
[WhiteElo "2606"]
[BlackElo "2480"]
[PlyCount "85"]
[EventDate "2017.07.15"]
[EventType "swiss"]
[EventRounds "9"]
[EventCountry "FRA"]
[SourceTitle "CBM 179 Extra"]
[Source "ChessBase"]
[SourceDate "2017.08.23"]
[SourceVersion "1"]
[SourceVersionDate "2017.08.23"]
[SourceQuality "1"]

1. e4 e5 2. Nf3 Nc6 3. Bb5 a6 4. Ba4 Nf6 5. 0-0 b5 6. Bb3 Bb7 7. Nc3 Be7 8. d3 0-0 9. a3 Nd4 10. Ba2 Nxf3+ 11. Qxf3 Kh8 12. Qe2 d5 13. exd5 Nxd5 14. Bxd5 Bxd5 15. Qxe5 Bb7 16. Bf4 Rc8 17. Qh5 c5 18. Rfe1 Rc6 19. Re3 Rg6 20. Ne4 c4 21. Rae1 cxd3 22. Rxd3 Qc8 23. Ng3 Bf6 24. c3 Qc4 25. Qf5 h6 26. Rde3 Qc6 27. Qe4 Qc8 28. Qe8 Kh7 29. Qxc8 Rxc8 30. Be5 Bg5 31. f4 Bh4 32. Bd4 Rg4 33. Rf1 Bd5 34. Rf2 Rc6 35. Re5 Rd6 36. Rd2 Bc6 37. Nf5 Rdg6 38. Nxh4 Rxh4 39. Be3 Rhg4 40. g3 Rf6 41. Kf2 Rgg6 42. f5 Rg4 43. Bf4 1-0

[Event "FRA-chT Top 12"]
[Site "Chartres"]
[Date "2017.05.25"]
[Round "8.7"]
[White "Burri, Quentin"]
[Black "Sulava, Nenad"]
[Result "0-1"]
[WhiteElo "2378"]
[BlackElo "2468"]
[PlyCount "67"]
[EventDate "2017.05.18"]
[EventType "team-tourn"]
[EventRounds "11"]
[EventCountry "FRA"]
[SourceTitle "CBM 178 Extra"]
[Source "ChessBase"]
[SourceDate "2017.06.22"]
[SourceVersion "1"]
[SourceVersionDate "2017.06.22"]
[SourceQuality "1"]
[WhiteTeam "Mulhouse Philidor"]
[BlackTeam "Nice Alekhine"]
[WhiteTeamCountry "FRA"]
[BlackTeamCountry "FRA"]

1. e4 c5 2. Nf3 e6 3. d4 cxd4 4. Nxd4 a6 5. Bd3 d6 6. 0-0 Nd7 7. c4 Ne5 8. Nc3 Nf6 9. Be2 Be7 10. Be3 0-0 11. f4 Ng6 12. f5 Ne5 13. fxe6 fxe6 14. Kh1 Bd7 15. Qb3 Qc8 16. Rac1 Kh8 17. Nf3 Ng6 18. Qc2 Qe8 19. Qd2 Rc8 20. Rcd1 Qf7 21. c5 dxc5 22. e5 Nd5 23. Ng5 Qg8 24. Nxd5 exd5 25. Qxd5 Qxd5 26. Rxd5 Bc6 27. Rdd1 Nxe5 28. Rxf8+ Rxf8 29. Ne6 Re8 30. Bxc5 Bxc5 31. Nxc5 Nd7 32. Bh5 g6 33. Nxd7 gxh5 34. Nf6 0-1

[Event "FRA-chT Top 12"]
[Site "Chartres"]
[Date "2017.05.22"]
[Round "5.6"]
[White "Sulava, Nenad"]
[Black "Touzane, Olivier"]
[Result "1-0"]
[WhiteElo "2468"]
[BlackElo "2277"]
[PlyCount "109"]
[EventDate "2017.05.18"]
[EventType "team-tourn"]
[EventRounds "11"]
[EventCountry "FRA"]
[SourceTitle "CBM 178 Extra"]
[Source "ChessBase"]
[SourceDate "2017.06.22"]
[SourceVersion "1"]
[SourceVersionDate "2017.06.22"]
[SourceQuality "1"]
[WhiteTeam "Nice Alekhine"]
[BlackTeam "Montpellier"]
[WhiteTeamCountry "FRA"]
[BlackTeamCountry "FRA"]

1. Nf3 g6 2. e4 Bg7 3. d4 d6 4. Be3 Nf6 5. Nc3 c6 6. Qd2 b5 7. Bd3 0-0 8. a4 Qa5 9. b4 Qb6 10. 0-0 bxa4 11. Nxa4 Qb7 12. h3 c5 13. e5 cxd4 14. Bxd4 dxe5 15. Nc5 Qd5 16. c4 Qd8 17. Bxe5 Nbd7 18. Nxd7 Qxd7 19. Be2 Qf5 20. Ra5 Bb7 21. Qf4 Qc2 22. Nd4 Qe4 23. Qxe4 Nxe4 24. Bxg7 Kxg7 25. Bf3 Rfd8 26. Nb3 Nd6 27. c5 Bxf3 28. cxd6 Be2 29. Re1 Bc4 30. dxe7 Re8 31. Nd4 Kf6 32. Nc6 a6 33. Rc5 Bb5 34. g4 h6 35. h4 Rac8 36. g5+ hxg5 37. hxg5+ Kg7 38. Nd8 Rxc5 39. bxc5 f6 40. f4 Bd7 41. Nb7 fxg5 42. Nd6 Rh8 43. e8Q Bxe8 44. Nxe8+ Kf8 45. fxg5 Rh3 46. Re5 a5 47. Nd6 a4 48. Kg2 Rb3 49. Re8+ Kg7 50. Re7+ Kf8 51. Rf7+ Kg8 52. Ra7 Rc3 53. Ne4 Rc4 54. Kf3 Kf8 55. Ke3 1-0

[Event "Tekirdag Rodosto"]
[Site "Tekirdag"]
[Date "2016.11.12"]
[Round "9"]
[White "Sulava, Nenad"]
[Black "Ftacnik, Lubomir"]
[Result "1/2-1/2"]
[WhiteElo "2466"]
[BlackElo "2560"]
[PlyCount "75"]
[EventDate "2016.11.02"]
[EventType "tourn"]
[EventRounds "9"]
[EventCountry "TUR"]
[EventCategory "11"]
[SourceTitle "CBM 175 Extra"]
[Source "ChessBase"]
[SourceDate "2016.12.12"]
[SourceVersion "1"]
[SourceVersionDate "2016.12.12"]
[SourceQuality "1"]

1. e4 c5 2. Nf3 d6 3. Bc4 Nf6 4. d3 e6 5. Bb3 Be7 6. 0-0 0-0 7. c3 b6 8. Re1 Bb7 9. Nbd2 Nc6 10. Nf1 Rc8 11. d4 cxd4 12. cxd4 Na5 13. Bc2 Qc7 14. Bd3 d5 15. e5 Ne4 16. Ng3 Rfd8 17. Nxe4 dxe4 18. Bxe4 Bxe4 19. Rxe4 Qc2 20. Qxc2 Rxc2 21. Ne1 Rc4 22. Be3 Ra4 23. a3 Nb3 24. Rd1 Rc4 25. Kf1 h5 26. f3 a5 27. Bf2 b5 28. f4 Rdc8 29. g3 Bd8 30. Re3 Rxd4 31. Rxd4 Nxd4 32. Rd3 Nf5 33. Ke2 Kf8 34. Rd7 Bc7 35. Rd1 Bd8 36. Rd7 Bc7 37. Rd3 Bd8 38. Rd7 1/2-1/2